Webster's new collegiate dictionary / (Rekord nr 47435)
| 000 -ETYKIETA REKORDU | |
|---|---|
| podpole kontrolne o stałej długości | 00734nam a2200181 i 4500 |
| 001 - NUMER KONTROLNY REKORDU | |
| pole kontrolne | bgj |
| 040 ## - ŹRÓDŁO KATALOGOWANIA | |
| Instytucja, która utworzyła rekord | BPK |
| 041 0# - KOD JĘZYKA | |
| Kod języka tekstu | eng |
| 008 - POLE O STAŁEJ DŁUGOŚCI - DANE KONTROLNE | |
| podpole kontrolne o stałej długości | s uk f |000 0 eng |
| 245 00 - TYTUŁ/ODPOWIEDZIALNOŚĆ | |
| Tytuł | Webster's new collegiate dictionary / |
| Pozostałe elementy strefy tytułu i oznaczenia odpowiedzialności | Henry Bosley Woolf, editor in chief. |
| 260 ## - STREFA ADRESU WYDAWNICZEGO | |
| Miejsce wydania | Springfield, Ma : |
| Nazwa wydawcy/dystrybutora | G. & C. Merriam Company, |
| Data publikacji, dystrybucji/powstania dokumentu | c. 1973. |
| 300 ## - STREFA OPISU FIZYCZNEGO | |
| Objętość | 32a, 1536 pp. : |
| Inne cechy fizyczne | ill. ; |
| Rozmiary | 26 cm. |
| 501 ## - UWAGA DOTYCZĄCA PRAC WSPÓŁWYDANYCH | |
| Tekst uwagi | Editions for 1898-1948 have titile: Webster's collegiate dictionary; 1949-61 and 1973 editions have title: Webster's new collegiate dictionary; 1963-72 editions have title: Webster's seventh new collegiate dictionary. |
| 650 #9 - HASŁO PRZEDMIOTOWE W FORMIE NAZWY OGÓLNEJ LUB JEDNOSTKOWEJ | |
| Nazwa ogólna lub geograficzna | English language |
| 655 ## - TERMIN INDEKSOWY - OKREŚLENIE RODZAJU/FORMY DOKUMENTU | |
| Określenie rodzaju/formy dokumentu | Dictionaries |
| 700 1# - HASŁO DODATKOWE - NAZWA OSOBOWA | |
| Nazwa osobowa | WOOLF, Henry Bosley. |
| Określenie związku między hasłem a opisywanym materiałem | editor |
| 942 ## - DODATKOWE ELEMENTY (KOHA) | |
| Typ dokumentu | Książka |
| Wycofany | Status egzemplarza | Uszkodzony | Dostępność | Lokalizacja stała | Lokalizacja bieżąca | Miejsce przechowywania | Sygnatura | Kod kreskowy | Typ dokumentu |
|---|---|---|---|---|---|---|---|---|---|
| Dostępny | Biblioteka Politechniki Koszalińskiej | Biblioteka Politechniki Koszalińskiej | Wypożyczalnia Językowa | KA 3762 | 09055834 | Książka |
